[Event "Belgrade tt Cup"]
[Site "Belgrade"]
[Date "2009.04.11"]
[Round "4"]
[White "Danilovic, Milisav"]
[Black "Nikolic, Dragoslav"]
[Result "0-1"]
[WhiteElo "2262"]
[BlackElo "2292"]
[PlyCount "138"]
[EventDate "2009.04.08"]
[EventType "team-tourn"]
[EventRounds "5"]
[EventCountry "YUG"]
[SourceTitle "CBM 129 Extra"]
[Source "ChessBase"]
[SourceDate "2009.05.05"]
[SourceVersion "2"]
[SourceVersionDate "2009.05.20"]
[SourceQuality "1"]

1. e4 e6 2. d4 d5 3. Nd2 dxe4 4. Nxe4 Nd7 5. Nf3 Ngf6 6. Nxf6+ Nxf6 7. Bc4 Be7 8. Bg5 0-0 9. Qe2 c5 10. 0-0-0 Qc7 11. Ne5 Nd5 12. Bxe7 Nxe7 13. dxc5 Qxc5 14. f4 Nd5 15. Bxd5 exd5 16. Qd3 Rd8 17. f5 d4 18. Rhe1 Rd5 19. f6 gxf6 20. Nxf7 Kg7 21. g4 Rd7 22. g5 Rxf7 23. gxf6+ Rxf6 24. Rg1+ Rg6 25. Rgf1 Be6 26. Qe4 Qd5 27. Qf4 Qg5 28. Rxd4 Qxf4+ 29. Rdxf4 Rc8 30. Re1 Rf6 31. Rb4 Rc7 32. Re2 Rf1+ 33. Kd2 Bf5 34. Rg2+ Kf6 35. c3 Rd7+ 36. Ke2 Rfd1 37. Rg8 R1d2+ 38. Ke1 Rxh2 39. Rf8+ Kg6 40. Rf4 Bc2 41. Rg8+ Kh5 42. Rd4 Re7+ 43. Kf1 Bg6 44. b4 Rxa2 45. Rc8 b6 46. b5 Bf5 47. Rd5 Kg6 48. Rg8+ Kf7 49. Rg3 Bg6 50. Rf3+ Kg7 51. Rg3 Rc2 52. Rd6 Rc7 53. Re3 R2xc3 54. Re5 R3c5 55. Re3 Rxb5 56. Kf2 Rbc5 57. Re1 b5 58. Rd4 Rc2+ 59. Kg3 R7c3+ 60. Kf4 Rc4 61. Ke5 Rxd4 62. Kxd4 Rc7 63. Kd5 b4 64. Re3 b3 65. Kd6 b2 66. Kxc7 b1Q 67. Re6 Qc2+ 68. Kd8 Qd3+ 69. Ke7 Qe4 0-1

[Event "USA-chT Amateur East"]
[Site "Parsippany"]
[Date "2005.03.20"]
[Round "3"]
[White "Danilovic, Milisav"]
[Black "Sharp, Dale Eugene"]
[Result "1-0"]
[WhiteElo "2188"]
[BlackElo "2079"]
[PlyCount "33"]
[EventDate "2005.03.19"]
[EventType "team"]
[EventRounds "6"]
[EventCountry "USA"]
[SourceTitle "CBM 105 Extra"]
[Source "ChessBase"]
[SourceDate "2005.05.01"]
[SourceVersion "1"]
[SourceVersionDate "2005.05.01"]
[SourceQuality "1"]

1. e4 e5 2. Nf3 Nc6 3. d4 exd4 4. Nxd4 Qh4 5. Nc3 Bb4 6. Ndb5 Qxe4+ 7. Be2 Qe5 8. f4 Qc5 9. Nxc7+ Kd8 10. Nxa8 Nf6 11. Qd3 Re8 12. Kf1 d5 13. Bd2 Bg4 14. Re1 Ba5 15. Bxg4 Rxe1+ 16. Kxe1 Nxg4 17. Qxd5+ 1-0

[Event "Belgrade Jezero op 09th"]
[Site "Belgrade"]
[Date "2003.08.21"]
[Round "8"]
[White "Rakic, Marija"]
[Black "Danilovic, Milisav"]
[Result "0-1"]
[WhiteElo "1979"]
[BlackElo "2182"]
[PlyCount "122"]
[EventDate "2003.08.14"]
[EventType "swiss"]
[EventRounds "9"]
[EventCountry "YUG"]
[SourceTitle "EXT 2004"]
[Source "ChessBase"]
[SourceDate "2003.11.25"]
[SourceVersion "1"]
[SourceVersionDate "2003.11.25"]
[SourceQuality "1"]

1. d4 Nf6 2. Nc3 d5 3. Bg5 e6 4. e4 dxe4 5. Nxe4 Be7 6. Bxf6 Bxf6 7. Nf3 b6 8. c3 Bb7 9. Bd3 Nd7 10. Qe2 Qe7 11. g4 g6 12. g5 Bg7 13. h4 h5 14. 0-0-0 0-0 15. Rhf1 Rac8 16. Nfd2 c5 17. dxc5 Nxc5 18. Nxc5 Rxc5 19. Ne4 Ra5 20. Kb1 b5 21. b4 Ra4 22. Nc5 Bxc3 23. Nxa4 bxa4 24. a3 a5 25. Bb5 Qc7 26. Rd7 Qb6 27. Qc4 axb4 28. axb4 Bd5 29. Qc5 Qxc5 30. bxc5 Rb8 31. Kc2 Rxb5 32. Kxc3 Rxc5+ 33. Kb2 Rc4 34. f4 Re4 35. Ka3 Re3+ 36. Kb4 a3 37. Kc5 a2 38. Ra7 Rh3 39. f5 gxf5 40. Rxf5 exf5 41. Kxd5 Rxh4 42. Rxa2 Kg7 43. Ra8 Rg4 44. Ke5 Rxg5 45. Kf4 f6 46. Rb8 h4 47. Ra8 h3 48. Ra1 h2 49. Rh1 Rh5 50. Kg3 Kg6 51. Kf4 Rh4+ 52. Kg3 Kg5 53. Kf3 Rh3+ 54. Kg2 Kg4 55. Kf2 f4 56. Kg2 f3+ 57. Kf2 Kf4 58. Ra1 f5 59. Rb1 Kg5 60. Rh1 Kg4 61. Kf1 Kg3 0-1

[Event "Belgrade Jezero op 09th"]
[Site "Belgrade"]
[Date "2003.08.19"]
[Round "6"]
[White "Vulin, Milorad"]
[Black "Danilovic, Milisav"]
[Result "1-0"]
[WhiteElo "2090"]
[BlackElo "2182"]
[PlyCount "61"]
[EventDate "2003.08.14"]
[EventType "swiss"]
[EventRounds "9"]
[EventCountry "YUG"]
[SourceTitle "EXT 2004"]
[Source "ChessBase"]
[SourceDate "2003.11.25"]
[SourceVersion "1"]
[SourceVersionDate "2003.11.25"]
[SourceQuality "1"]

1. e4 e5 2. Nf3 Nc6 3. Bb5 Nd4 4. Nxd4 exd4 5. d3 c6 6. Bc4 Nf6 7. 0-0 d5 8. exd5 Nxd5 9. Qh5 Be6 10. Re1 Qd6 11. Nd2 0-0-0 12. Ne4 Qd7 13. Qe5 Nc7 14. Bf4 Bxc4 15. dxc4 Kb8 16. Ng5 Bd6 17. Qxd6 Qxd6 18. Bxd6 Rxd6 19. Nxf7 Rhd8 20. Nxd8 Rxd8 21. Rad1 c5 22. c3 Ne8 23. cxd4 cxd4 24. Re4 d3 25. Re3 d2 26. Re2 Nf6 27. Rexd2 Rxd2 28. Rxd2 Kc7 29. f3 Kc6 30. b4 Nd7 31. Rxd7 1-0